000 00337nam a2200121Ia 4500
008 240731s9999 xx 000 0 und d
022 _a1743-8772
245 0 _aCritical Review of International Social and Political Philosophy
260 _bRoutledge
856 _uhttps://www.tandfonline.com/loi/fcri20
942 _2ddc
942 _cTFEJ
999 _c76127
_d76127
945 _a1
_bMadushi Gamage
_c1
_dMadushi Gamage